| Tag |
First Indicator |
Second Indicator |
Subfields |
| LEADER |
00000cam a2200000 4500 |
| 001 |
in00000057848 |
| 005 |
20151008050938.0 |
| 008 |
720210s1961 enk b 00000 eng u |
| 010 |
|
|
|a 61010657
|
| 035 |
|
|
|a (OCoLC)00238129
|
| 035 |
|
|
|9 AAG4500AM
|
| 040 |
|
|
|c WSU
|d TXA
|d UtOrBLW
|
| 049 |
|
|
|a TXAM
|c [339045]
|
| 050 |
|
0 |
|a HD9397.G5
|b G85 1961
|
| 092 |
|
|
|a 338.476633
|b G9643
|
| 100 |
1 |
|
|a Lynch, Patrick,
|d 1917-2001.
|
| 245 |
1 |
0 |
|a Guinness's brewery in the Irish economy, 1759-1876 /
|c [by] Patrick Lynch & John Vaizey.
|
| 264 |
|
1 |
|a Cambridge [England] :
|b University Press,
|c 1960 [i.e.1961]
|
| 300 |
|
|
|a 278 pages
|
| 336 |
|
|
|a text
|b txt
|2 rdacontent
|
| 337 |
|
|
|a unmediated
|b n
|2 rdamedia
|
| 338 |
|
|
|a volume
|b nc
|2 rdacarrier
|
| 504 |
|
|
|a Bibliography: pages 255-259.
|
| 610 |
0 |
0 |
|a Guinness (Firm)
|
| 700 |
1 |
|
|a Vaizey, John.
|
| 999 |
|
|
|a MARS
|
| 999 |
f |
f |
|s 814e0f16-8259-301c-96fe-3d06b3fce057
|i 22fef6f6-711c-399a-bef5-019f7f27d907
|t 0
|
| 952 |
f |
f |
|p ric
|a Texas A&M University
|b Rellis Campus
|c Joint Library Facility
|d Remote Storage
|t 0
|e HD9397.G5 G85 1961
|h Library of Congress classification
|i unmediated -- volume
|m A14800765681
|
| 998 |
f |
f |
|a HD9397.G5 G85 1961
|t 0
|l Remote Storage
|